[Event "MNT-chT"]
[Site "Herceg Novi"]
[Date "2024.04.30"]
[Round "5.12"]
[White "Kisic, Bozidar"]
[Black "Vujovic, Savo"]
[Result "0-1"]
[WhiteElo "2209"]
[BlackElo "2186"]
[PlyCount "70"]
[EventDate "2024.04.27"]
[EventType "team-tourn"]
[EventRounds "9"]
[EventCountry "MNE"]
[SourceTitle "CB19_2024"]
[SourceDate "2024.05.08"]
[SourceVersion "1"]
[SourceVersionDate "2024.05.08"]
[SourceQuality "1"]
[WhiteTeam "Elektroprivreda"]
[BlackTeam "Crnogorac"]
[WhiteTeamCountry "MNE"]
[BlackTeamCountry "MNE"]

1. d4 d5 2. Nf3 e6 3. Bf4 Bd6 4. Bg3 Nf6 5. e3 Nc6 6. Nbd2 Ne7 7. c4 Nf5 8. Bxd6 Nxd6 9. c5 Nde4 10. Bd3 0-0 11. Nb3 b6 12. Qc2 bxc5 13. dxc5 c6 14. Nfd4 Qc7 15. Ne2 e5 16. Ng3 Nxg3 17. hxg3 g6 18. Rh4 a5 19. Nd2 Rb8 20. 0-0-0 Qe7 21. Rdh1 Rb4 22. Rxb4 axb4 23. Rh4 Ng4 24. Nb3 Be6 25. e4 dxe4 26. Bxe4 Rd8 27. Kb1 Nf6 28. Kc1 Nxe4 29. Qxe4 Bxb3 30. axb3 Qxc5+ 31. Qc2 Qa7 32. Kb1 Ra8 33. Qxc6 Qa1+ 34. Kc2 Rd8 35. Qf3 Qe1 0-1

[Event "Cetinje June GM 01"]
[Site "Cetinje"]
[Date "2022.06.12"]
[Round "8"]
[White "Vujovic, Savo"]
[Black "Ramoutar, Alan Safar"]
[Result "0-1"]
[WhiteElo "2153"]
[BlackElo "2480"]
[PlyCount "48"]
[EventDate "2022.06.07"]
[EventType "swiss"]
[EventRounds "9"]
[EventCountry "MNE"]
[SourceTitle "CBM 208 Extra"]
[Source "ChessBase"]
[SourceDate "2022.07.31"]
[SourceVersion "1"]
[SourceVersionDate "2022.07.31"]
[SourceQuality "1"]

1. e4 c6 2. d4 g6 3. h4 d5 4. h5 dxe4 5. hxg6 fxg6 6. Nc3 Nf6 7. Nge2 Bg4 8. Bg5 Nbd7 9. Qd2 Bg7 10. 0-0-0 0-0 11. Bh6 Rf7 12. Bxg7 Rxg7 13. Re1 Bxe2 14. Rxe2 Qa5 15. Kb1 Qf5 16. Qe3 Rf8 17. Rd2 Nb6 18. Qg3 Ng4 19. Be2 Nxf2 20. Rf1 Rgf7 21. Nd1 Qf4 22. Qxf4 Rxf4 23. Nxf2 e3 24. Rd3 Rxf2 0-1

[Event "MNT-chT 1st League"]
[Site "Podgorica"]
[Date "2021.05.21"]
[Round "2.1"]
[White "Vujovic, Savo"]
[Black "Nikac, Predrag"]
[Result "1/2-1/2"]
[WhiteElo "2167"]
[BlackElo "2326"]
[PlyCount "58"]
[EventDate "2021.05.20"]
[EventType "team-tourn"]
[EventRounds "7"]
[EventCountry "MNE"]
[SourceTitle "EXT 2022"]
[Source "ChessBase"]
[SourceDate "2021.10.06"]
[SourceVersion "1"]
[SourceVersionDate "2021.10.06"]
[SourceQuality "1"]

1. d4 g6 2. c4 Bg7 3. Nc3 f5 4. h4 Nf6 5. h5 gxh5 6. Bg5 0-0 7. Nd5 c5 8. Bxf6 Bxf6 9. Nxf6+ Rxf6 10. d5 Qa5+ 11. Qd2 Qxd2+ 12. Kxd2 b5 13. e3 Bb7 14. Rxh5 Na6 15. cxb5 Nb4 16. Rc1 d6 17. Bc4 Bxd5 18. Rg5+ Kf7 19. a3 Bxc4 20. Rxc4 Nd5 21. Rh4 h6 22. Rgh5 Rb8 23. e4 fxe4 24. Rxd5 Rxf2+ 25. Ne2 Rxb5 26. b4 a5 27. Rxe4 axb4 28. axb4 Rxg2 29. bxc5 Rxc5 1/2-1/2

[Event "Budva GM Mix"]
[Site "Budva"]
[Date "2021.05.14"]
[Round "5"]
[White "Vujovic, Savo"]
[Black "Pobor, Milo"]
[Result "1/2-1/2"]
[WhiteElo "2167"]
[BlackElo "2124"]
[PlyCount "30"]
[EventDate "2021.05.11"]
[EventType "swiss"]
[EventRounds "9"]
[EventCountry "MNE"]
[SourceTitle "CBM 202 Extra"]
[Source "ChessBase"]
[SourceDate "2021.07.31"]
[SourceVersion "1"]
[SourceVersionDate "2021.07.31"]
[SourceQuality "1"]

1. b3 d5 2. Bb2 Nf6 3. Nf3 e6 4. e3 Be7 5. c4 0-0 6. Be2 c5 7. 0-0 Nc6 8. cxd5 Nxd5 9. Nc3 Nxc3 10. Bxc3 Bf6 11. Qc1 b6 12. Bxf6 Qxf6 13. d4 Bb7 14. Rd1 cxd4 15. Nxd4 Nxd4 1/2-1/2

[Event "Budva GM Mix"]
[Site "Budva"]
[Date "2021.05.13"]
[Round "4"]
[White "Djurovic, Peko"]
[Black "Vujovic, Savo"]
[Result "1/2-1/2"]
[WhiteElo "2136"]
[BlackElo "2167"]
[PlyCount "33"]
[EventDate "2021.05.11"]
[EventType "swiss"]
[EventRounds "9"]
[EventCountry "MNE"]
[SourceTitle "CBM 202 Extra"]
[Source "ChessBase"]
[SourceDate "2021.07.31"]
[SourceVersion "1"]
[SourceVersionDate "2021.07.31"]
[SourceQuality "1"]

1. d4 b6 2. c4 Bb7 3. Nc3 f5 4. f3 g6 5. e4 fxe4 6. fxe4 Bg7 7. Nf3 Nf6 8. e5 Ne4 9. Nxe4 Bxe4 10. Bd3 Bxd3 11. Qxd3 0-0 12. Qe4 c6 13. Bg5 b5 14. cxb5 Qa5+ 15. Nd2 Rf5 16. h4 Qxb5 17. g4 1/2-1/2

[Event "Niksic Mix 03"]
[Site "Niksic"]
[Date "2021.03.22"]
[Round "6"]
[White "Pobor, Milo"]
[Black "Vujovic, Savo"]
[Result "1/2-1/2"]
[WhiteElo "2105"]
[BlackElo "2187"]
[PlyCount "20"]
[EventDate "2021.03.19"]
[EventType "swiss"]
[EventRounds "9"]
[EventCountry "MNE"]
[SourceTitle "CBM 201 Extra"]
[Source "ChessBase"]
[SourceDate "2021.05.31"]
[SourceVersion "1"]
[SourceVersionDate "2021.05.31"]
[SourceQuality "1"]

1. e4 c5 2. d4 e6 3. Nf3 cxd4 4. Nxd4 a6 5. Nc3 Qc7 6. Qg4 Nf6 7. Qg3 d6 8. Be3 h5 9. f4 h4 10. Qf3 Nc6 1/2-1/2

[Event "Niksic Mix 03"]
[Site "Niksic"]
[Date "2021.03.19"]
[Round "1"]
[White "Vujovic, Savo"]
[Black "Blagojevic, Dragisa"]
[Result "1-0"]
[WhiteElo "2187"]
[BlackElo "2489"]
[PlyCount "123"]
[EventDate "2021.03.19"]
[EventType "swiss"]
[EventRounds "9"]
[EventCountry "MNE"]
[SourceTitle "CBM 201 Extra"]
[Source "ChessBase"]
[SourceDate "2021.05.31"]
[SourceVersion "1"]
[SourceVersionDate "2021.05.31"]
[SourceQuality "1"]

1. d4 d5 2. c4 e6 3. Nf3 Nf6 4. Nc3 Nbd7 5. Bg5 c6 6. e3 Qa5 7. Nd2 dxc4 8. Bxf6 Nxf6 9. Nxc4 Qc7 10. Rc1 Be7 11. g3 0-0 12. Bg2 Rd8 13. 0-0 Nd5 14. a3 Bd7 15. b4 Be8 16. Qb3 a6 17. Rfd1 b6 18. Ne5 Qb7 19. Nxd5 cxd5 20. Rc3 Rdc8 21. Rdc1 Bd6 22. Nc4 Bf8 23. Qc2 Bd7 24. Qb2 f6 25. Nd2 Rxc3 26. Rxc3 Rc8 27. e4 Rxc3 28. Qxc3 Bc6 29. Qb3 Qd7 30. exd5 Bxd5 31. Bxd5 Qxd5 32. Qxd5 exd5 33. Nb1 a5 34. b5 Kf7 35. Kf1 Ke6 36. Ke2 h5 37. h3 Bd6 38. g4 hxg4 39. hxg4 Bf4 40. f3 Bc1 41. Kd3 Bb2 42. a4 f5 43. Nd2 Kf6 44. gxf5 Bc1 45. Nb1 Bb2 46. Nd2 Kxf5 47. Nf1 Kf4 48. Ne3 Kxf3 49. Nxd5 g5 50. Nxb6 g4 51. Nd5 g3 52. Ne3 Kf4 53. b6 Ba3 54. Nc4 g2 55. b7 Bd6 56. Nxd6 g1Q 57. b8Q Qf1+ 58. Kc2 Qf2+ 59. Kb3 Qf3+ 60. Ka2 Qg2+ 61. Ka3 Qf3+ 62. Qb3 1-0

[Event "MNT-chT"]
[Site "Podgorica"]
[Date "2020.10.11"]
[Round "5.1"]
[White "Vujovic, Savo"]
[Black "Mostrokol, Matija"]
[Result "1-0"]
[WhiteElo "2118"]
[BlackElo "1390"]
[PlyCount "41"]
[EventDate "2020.10.09"]
[EventType "team-tourn"]
[EventRounds "9"]
[EventCountry "MNE"]
[SourceTitle "CBM 198 Extra"]
[Source "ChessBase"]
[SourceDate "2020.11.30"]
[SourceVersion "1"]
[SourceVersionDate "2020.11.30"]
[SourceQuality "1"]
[WhiteTeam "Crnogorac"]
[BlackTeam "Cetinje"]
[WhiteTeamCountry "MNE"]
[BlackTeamCountry "MNE"]

1. d4 d5 2. c4 e6 3. Nf3 Nf6 4. Nc3 h6 5. Bf4 Bb4 6. Nd2 0-0 7. e3 b6 8. g4 Bxc3 9. bxc3 Nxg4 10. Rg1 h5 11. h3 Nf6 12. Bh6 g6 13. Qc2 Kh7 14. Bxf8 Qxf8 15. e4 Bb7 16. e5 Ne4 17. Bd3 Qg7 18. Nxe4 dxe4 19. Bxe4 Bxe4 20. Qxe4 c6 21. Rg5 1-0